<?xml version="1.0" encoding="UTF-8"?>
<collection xmlns="http://www.loc.gov/MARC21/slim">
 <record>
  <leader>01425pam a22003138a 4500</leader>
  <controlfield tag="001">00026498</controlfield>
  <controlfield tag="005">20171026081025.0</controlfield>
  <controlfield tag="008">110815s2006                  ||||||viesd</controlfield>
  <datafield tag="020" ind1=" " ind2=" ">
   <subfield code="c">9000</subfield>
  </datafield>
  <datafield tag="041" ind1="0" ind2="#">
   <subfield code="a">vie</subfield>
  </datafield>
  <datafield tag="082" ind1="1" ind2="4">
   <subfield code="a">910.71</subfield>
   <subfield code="b">Đ301L</subfield>
  </datafield>
  <datafield tag="245" ind1="0" ind2="0">
   <subfield code="a">Địa lí 8</subfield>
   <subfield code="c">Nguyễn Dược (tổng ch.b)...[và nh. ng. khác]</subfield>
  </datafield>
  <datafield tag="250" ind1="#" ind2="#">
   <subfield code="a">Tái bản lần thứ 2</subfield>
  </datafield>
  <datafield tag="260" ind1="#" ind2="#">
   <subfield code="a">H.</subfield>
   <subfield code="b">Giáo dục</subfield>
   <subfield code="c">2006</subfield>
  </datafield>
  <datafield tag="300" ind1="#" ind2="#">
   <subfield code="a">160 tr.</subfield>
   <subfield code="c">24 cm.</subfield>
   <subfield code="b">bản đồ</subfield>
  </datafield>
  <datafield tag="500" ind1="#" ind2="#">
   <subfield code="a">ĐTTS ghi: Bộ Giáo dục và Đào tạo</subfield>
  </datafield>
  <datafield tag="650" ind1="#" ind2="4">
   <subfield code="a">Lớp 8</subfield>
  </datafield>
  <datafield tag="650" ind1="#" ind2="4">
   <subfield code="a">Sách giáo khoa</subfield>
  </datafield>
  <datafield tag="650" ind1="#" ind2="4">
   <subfield code="a">Địa lí</subfield>
  </datafield>
  <datafield tag="700" ind1="1" ind2="#">
   <subfield code="a">Nguyễn Dược</subfield>
   <subfield code="e">tổng ch.b</subfield>
  </datafield>
  <datafield tag="700" ind1="1" ind2="#">
   <subfield code="a">Nguyễn Phi Hạnh</subfield>
   <subfield code="e">ch.b</subfield>
  </datafield>
  <datafield tag="700" ind1="1" ind2="#">
   <subfield code="a">Đặng Văn Đức</subfield>
  </datafield>
  <datafield tag="852" ind1="#" ind2="#">
   <subfield code="b">Kho giáo trình</subfield>
   <subfield code="j">KGT.0030891, KGT.0030892, KGT.0030893, KGT.0030894, KGT.0030895, KGT.0030896, KGT.0030897, KGT.0030898, KGT.0030899, KGT.0030900, KGT.0030901, KGT.0030902, KGT.0030903, KGT.0030904, KGT.0030905, KGT.0033717</subfield>
  </datafield>
  <datafield tag="852" ind1="#" ind2="#">
   <subfield code="b">Kho mượn</subfield>
   <subfield code="j">KGT.0030892</subfield>
  </datafield>
  <datafield tag="852" ind1="#" ind2="#">
   <subfield code="b">Kho đọc</subfield>
   <subfield code="j">KD.0011271</subfield>
  </datafield>
  <datafield tag="852" ind1="#" ind2="#">
   <subfield code="j">KGT.0030893</subfield>
   <subfield code="j">KGT.0030895</subfield>
   <subfield code="j">KGT.0030896</subfield>
   <subfield code="j">KGT.0030898</subfield>
   <subfield code="j">KGT.0030900</subfield>
   <subfield code="j">KGT.0030903</subfield>
   <subfield code="j">KGT.0030905</subfield>
   <subfield code="j">KGT.0030901</subfield>
   <subfield code="j">KGT.0030902</subfield>
   <subfield code="j">KD.0011271</subfield>
   <subfield code="j">KGT.0033717</subfield>
   <subfield code="j">KGT.0030891</subfield>
   <subfield code="j">KGT.0030892</subfield>
   <subfield code="j">KGT.0030894</subfield>
   <subfield code="j">KGT.0030897</subfield>
   <subfield code="j">KGT.0030899</subfield>
   <subfield code="j">KGT.0030904</subfield>
  </datafield>
  <datafield tag="910" ind1=" " ind2=" ">
   <subfield code="d">15/08/2011</subfield>
  </datafield>
  <datafield tag="980" ind1="#" ind2="#">
   <subfield code="a">Trung tâm Học liệu Lê Vũ Hùng, Trường Đại học Đồng Tháp</subfield>
  </datafield>
 </record>
</collection>
